000 00683nam a22002057a 4500
005 20241203155655.0
010 _aENG-142796
020 _a9789355329752
_c1125.00
035 _aEN-126328
037 _bDBAD
082 _a519.5
_24
100 _aJaggia, Sanjiv
_974606
245 _aBusiness Statistics: Communicating with Numbers/
_cby Sanjiv Jaggia [and] Alison Kelly
250 _a4
260 _aChennai
_bMcGraw Hill Education Private Ltd
_c2024
270 _aAnjana Complex No. 5/90 A, Butt Road, St Thomas Mount
_bChennai
_e600016
300 _axxix,770p.
_c28cm(pb)
_bIndex
700 _aKelly, Alison
_eAuthor
_974605
942 _2ddc
_cEN
_mJAG
_h519.5
_e4
999 _c207375
_d207375